000 00426nam a22001697a 4500
003 MPLRDC
005 20220104114642.0
008 210129b ||||| |||| 00| 0 eng d
082 _a782.862 ZCG v.2
100 _a陈舜臣
245 _a郑成功. 下
_c卞立强译
250 _a一版二刷
260 _a中国
_b贵州人民出版社
_c1983
300 _b257
650 _a郑成功传记
942 _cBK
_o782.862 ZCG v.2
999 _c9150
_d9140